Griechenland und die Europäische Gemeinschaft <Die> soziopolitischen Rahmenbedingungen griechischer Europapolitiken

Saved in:
Bibliographic Details
Main Author: Wenturis, Nikolaus
Format: Book
Language:German
Published: Tübingen Francke 1990
Edition:1. Aufl.
Subjects:
Tags: Add Tag
No Tags, Be the first to tag this record!

MARC

LEADER 00000nam a2200000 4500
001 c000608
005 20221215125329.3
020 |a 3-7720-1825-4 
041 0 |a ger 
044 |a DE 
245 1 0 |a Griechenland und die Europäische Gemeinschaft  |b <Die> soziopolitischen Rahmenbedingungen griechischer Europapolitiken  |c Nikolaus Wenturis 
250 |a 1. Aufl. 
264 1 |a Tübingen  |b Francke  |c 1990 
300 |a 382 s. 
610 2 0 |a politika zahraničná 
610 2 0 |a politika vnútorná 
610 2 0 |a strany politické 
610 2 0 |a Grécko 
610 2 0 |a Európsky parlament 
610 2 0 |a Európske spoločenstvá 
610 2 0 |a organizácie medzinárodné 
610 2 0 |a voľby 
610 2 0 |a obyvateľstvo 
100 1 |a Wenturis, Nikolaus